[Event "Czech Open G1 Rapid 2013"]
[Site "Pardubice CZE"]
[Date "2013.07.17"]
[Round "1.43"]
[White "Karavade,E"]
[Black "Chernyshova,N"]
[Result "1-0"]
[WhiteElo "2398"]
[BlackElo "2109"]

1.Nf3 d5 2.c4 c6 3.g3 e6 4.Bg2 Nf6 5.O-O Be7 6.Qc2 O-O 7.d4 Nbd7 8.Nbd2 b6
9.e4 dxe4 10.Nxe4 Nxe4 11.Qxe4 Bb7 12.Bf4 Qc8 13.Rad1 Re8 14.Qc2 Nf6 15.Ne5 c5
16.d5 exd5 17.cxd5 Bd6 18.Nd3 Qd7 19.Bxd6 Qxd6 20.Nf4 Re5 21.Rfe1 Rae8 22.Rxe5 Rxe5
23.Qd2 g5 24.Ne2 Ba6 25.Nc3 b5 26.f4 gxf4 27.Qxf4 b4 28.Ne4 Nxe4 29.Bxe4 c4
30.Rf1 f5 31.Bxf5 Qc5+ 32.Rf2 Re1+ 33.Kg2 Qxd5+ 34.Kh3 Re8 35.Qg5+ Kh8 36.Qf6+ Kg8
37.Rf4 Qf7 38.Rg4+ Kf8 39.Qh6+ Ke7 40.Re4+ Kd8 41.Qd6+  1-0

[Event "Czech Open G1 Rapid 2013"]
[Site "Pardubice CZE"]
[Date "2013.07.17"]
[Round "2.46"]
[White "Kazakov,K"]
[Black "Novosadova,K"]
[Result "1-0"]
[WhiteElo "2307"]
[BlackElo "2179"]

1.Nf3 d5 2.c4 d4 3.g3 Nc6 4.Bg2 e5 5.d3 Be7 6.O-O Bg4 7.a3 a5 8.b3 Qd7 9.Nbd2 h5
10.h4 Bh3 11.Rb1 f6 12.Ne4 Nh6 13.Qc2 Nf7 14.c5 Bd8 15.b4 axb4 16.axb4 Ne7
17.b5 Qg4 18.Qc4 O-O 19.Re1 Kh8 20.Nh2 Qc8 21.b6 c6 22.Bf3 Nd5 23.Bxh5 f5
24.Bxf7 fxe4 25.Bxd5 cxd5 26.Qxd5 Qf5 27.f3 Bxh4 28.Qxe4 Qxe4 29.dxe4 Bxg3
30.Rd1 Ra2 31.Rd2 Rfa8 32.Nf1 Bf4 33.Rxa2 Rxa2 34.Bxf4 exf4 35.c6 Ra8 36.c7 Ra2
37.Rb5 g6 38.Rd5 Kg7 39.Nh2 Ra1+ 40.Kf2 Kf7 41.Rxd4 Rh1 42.Rd8 Rxh2+ 43.Ke1 Rh1+
44.Kd2 Rb1 45.c8=Q Bxc8 46.Rxc8 Rb2+ 47.Kd3 Rxb6 48.Kd4 Rb2 49.Ke5 g5 50.Kf5 Rb5+
51.e5 Ke7 52.Rc7+ Kd8 53.Rg7 Rb2 54.Rxg5 Rxe2 55.Kxf4 b5 56.Kf5 b4 57.Rg4 b3
58.Rb4 b2 59.f4 Kc7 60.Ke6 Kc6 61.f5 Kc5 62.Rb8 Kd4 63.Kf6 Kc3 64.e6 Kc2
65.e7 b1=Q 66.Rxb1 Kxb1 67.Kf7  1-0

[Event "Czech Open G1 Rapid 2013"]
[Site "Pardubice CZE"]
[Date "2013.07.17"]
[Round "3.15"]
[White "Lintchevski,D"]
[Black "Sergeyev,A"]
[Result "1-0"]
[WhiteElo "2529"]
[BlackElo "2368"]

1.Nf3 d5 2.c4 c6 3.d4 Nf6 4.e3 Bf5 5.Nc3 e6 6.Nh4 Be4 7.f3 Bg6 8.Qb3 Qb6
9.Nxg6 hxg6 10.Bd2 Nbd7 11.O-O-O Bd6 12.Be2 Rc8 13.Kb1 O-O 14.g4 dxc4 15.Bxc4 e5
16.g5 Nh5 17.Ne4 Be7 18.Bc3 Qc7 19.dxe5 Nxe5 20.Be2 b5 21.f4 Nd7 22.Bxh5 gxh5
23.g6 Nc5 24.Nxc5 Bxc5 25.Rhg1 Bxe3 26.gxf7+ Rxf7 27.Be5  1-0

[Event "Czech Open G1 Rapid 2013"]
[Site "Pardubice CZE"]
[Date "2013.07.17"]
[Round "3.10"]
[White "Usmanov,V"]
[Black "Geller,J"]
[Result "0-1"]
[WhiteElo "2386"]
[BlackElo "2549"]

1.Nf3 d5 2.c4 e6 3.d4 Nf6 4.g3 dxc4 5.Qa4+ Nbd7 6.Bg2 a6 7.Qxc4 b5 8.Qc6 Ra7
9.Bg5 Bb7 10.Bxf6 Bb4+ 11.Kf1 Bxc6 12.Bxd8 Kxd8 13.a4 bxa4 14.Ng5 Bxg2+ 15.Kxg2 Ke7
16.Rxa4 Rb8 17.Nc3 c5 18.Nf3 a5 19.Ne5 Nxe5 20.dxe5 Rd7 21.Ne4 Rd4 22.Nd6 Rd2
23.Nc4 Rxe2 24.Rc1 Rd8 25.Kf1 Rdd2 26.Nxd2 Rxd2 27.Ra2 Kd7 28.Re1 Kc6 29.Re2 Rd1+
30.Kg2 Kd5 31.b3 Rd3 32.Rab2 Bc3 33.Ra2 Bb4 34.Rab2 g5 35.h3 h5 36.Rb1 Bc3
37.Rc1 Bd4 38.Rb1 Bxe5 39.Ra2 Bc3 40.Kf1 Bb4 41.Ke2 Rc3 42.f3 g4 43.hxg4 hxg4
44.Rd1+ Ke5 45.Rd3 gxf3+ 46.Rxf3 Rxf3 47.Kxf3 Kd4 48.Rc2 Bc3 49.Ke2 c4 50.bxc4 Kxc4
51.Kd1 a4 52.Kc1 Kb3 53.Rf2 a3 54.Kb1 f5 55.Rg2 e5 56.Rh2 e4 57.Re2 e3 58.g4 f4
59.g5 f3 60.Rh2 Bd2  0-1

[Event "Thracian Princess ch-BUL Open w 2013"]
[Site "Vratsa BUL"]
[Date "2013.07.17"]
[Round "3.7"]
[White "Tsekova,V"]
[Black "Gospodinova,Nikoleta"]
[Result "1-0"]
[WhiteElo "1885"]
[BlackElo "1532"]

1.Nf3 d5 2.c4 e6 3.g3 Nf6 4.Bg2 g6 5.O-O Bg7 6.d4 O-O 7.Nbd2 Nbd7 8.Qc2 c6
9.Rd1 Nb6 10.Ne5 Nfd7 11.Nxd7 Bxd7 12.c5 Nc8 13.Nf3 Ne7 14.Bf4 Nf5 15.Qd2 Re8
16.Ne5 Bc8 17.g4 Nh4 18.g5 Nf5 19.Rac1 Qe7 20.Rc3 f6 21.Ng4 Nxd4 22.Bd6 Qd8
23.gxf6 Nb5 24.Rf3 Nxd6 25.cxd6 Rf8 26.fxg7 Rxf3 27.Bxf3 e5 28.Nxe5 Qxd6
29.Qf4 Be6 30.Nd3 Qe7 31.Qe5 Qf7 32.Nf4 Bd7 33.Nxd5 Re8  1-0

[Event "50th Canadian Open 2013"]
[Site "Ottawa CAN"]
[Date "2013.07.18"]
[Round "7"]
[White "Dougherty,M"]
[Black "Wu,Ruining Ray"]
[Result "1-0"]
[WhiteElo "2160"]
[BlackElo "2044"]

1.Nf3 d5 2.c4 c6 3.e3 Nf6 4.b3 Bf5 5.Bb2 e6 6.Be2 Nbd7 7.O-O Bd6 8.d4 O-O
9.Ne5 Qc7 10.f4 b6 11.Nc3 Ne4 12.Bf3 Nxc3 13.Bxc3 Nf6 14.Rc1 Ba3 15.Ra1 a5
16.Qe2 Be4 17.Bb2 Bxf3 18.gxf3 Bxb2 19.Qxb2 Rfd8 20.Rac1 Qb7 21.c5 b5 22.Kh1 Nd7
23.Nd3 f6 24.Rg1 Nf8 25.Rg4 Rd7 26.Rcg1 Qc8 27.Qf2 Qe8 28.Qh4 Ng6 29.Qg3 Raa7
30.Qf2 Nf8 31.Qh4 Ng6 32.Qh5 Rd8 33.R4g3 Nf8 34.Qh3 Rdd7 35.Nf2 f5 36.Nd3 g6
37.Ne5 Rg7 38.Qh6 Rac7 39.h4 Qd8 40.Rg5 Qe8 41.h5 Qe7 42.hxg6 hxg6 43.Nxg6 Nxg6
44.Rxg6 Qf8 45.R1g5 Re7 46.Kg2 Rxg6 47.Qxg6+ Rg7 48.Qxe6+ Kh8 49.Qxc6 Rxg5+
50.fxg5  1-0

[Event "Czech Open G1 Rapid 2013"]
[Site "Pardubice CZE"]
[Date "2013.07.18"]
[Round "6.4"]
[White "Shimanov,A"]
[Black "Gavrilov,Al1"]
[Result "1-0"]
[WhiteElo "2664"]
[BlackElo "2452"]

1.Nf3 d5 2.c4 d4 3.g3 Nc6 4.Bg2 e5 5.O-O e4 6.Ne1 Nf6 7.d3 exd3 8.Nxd3 Be7
9.Bg5 O-O 10.Nd2 Re8 11.Bxf6 Bxf6 12.b4 Qe7 13.b5 Ne5 14.Qc2 a6 15.a4 axb5
16.cxb5 Bg4 17.Nb3 c6 18.bxc6 Nxc6 19.Bf3 Bxf3 20.exf3 Nb4 21.Qd2 Nxd3 22.Qxd3 Qb4
23.Rfb1 g6 24.Kg2 Qc3 25.Qb5 d3 26.Ra2 Rad8 27.Nd2 Re7 28.Rd1 Qe5 29.Qb3 Qd5
30.Ra3 Qxb3 31.Rxb3 Kg7 32.Ne4 Rd4 33.Rdxd3 Rxa4 34.Rd6 Bd4 35.Rd3 Be5 36.Rb6 Bd4
37.Rd6 Be5 38.R6d5 Rc4 39.Rb5 Rcc7 40.Rdb3 h6 41.g4 Bd4 42.R5b4 Red7 43.Rd3 Be5
44.Rxd7 Rxd7 45.Nc5 Rd5 46.Nxb7 Bd4 47.Rc4 Ba7 48.Ra4 Bb6 49.Ra6 Rb5 50.Nd6 Rb2
51.Nc4 Rxf2+ 52.Kg3 Rc2 53.Nxb6 Rc6 54.Kf4 Re6 55.h4 Kh7 56.Kg3 Kg7 57.f4 Rd6
58.Kf3 Re6 59.f5 gxf5 60.gxf5 Rc6 61.Kf4 Rd6 62.Ke4 Rf6 63.Ke5 Rc6 64.Kd5 Rf6
65.Ke5 Rc6 66.Kd5 Rf6 67.Kc5 Rxf5+ 68.Nd5 Rf1 69.Ra4 Kg6 70.Kd6 Re1 71.Rf4 Re6+
72.Kc5 f5  1-0

[Event "Czech Open G1 Rapid 2013"]
[Site "Pardubice CZE"]
[Date "2013.07.18"]
[Round "7.36"]
[White "Usmanov,V"]
[Black "Makevich,P"]
[Result "1-0"]
[WhiteElo "2386"]
[BlackElo "2119"]

1.Nf3 d5 2.c4 c6 3.d4 e6 4.Qc2 f5 5.Bf4 Nf6 6.Nbd2 Be7 7.g3 O-O 8.Bg2 Ne4
9.O-O Nd7 10.Ne5 g5 11.Nxd7 Bxd7 12.Be5 Nd6 13.Qb3 Qb6 14.Qa3 Nc8 15.c5 Qd8
16.Qd3 Be8 17.f3 Bg6 18.e4 dxe4 19.fxe4 Bxc5 20.Qc4 Bb6 21.Qxe6+ Bf7 22.Qxf5 Bxd4+
23.Bxd4 Qxd4+ 24.Rf2 Bg6 25.Qxf8+  1-0

[Event "6th Paleochora Open"]
[Site "Paleochora GRE"]
[Date "2013.07.19"]
[Round "1.1"]
[White "Banikas,H"]
[Black "Minko,Dmitry"]
[Result "1-0"]
[WhiteElo "2609"]
[BlackElo "1694"]

1.Nf3 d5 2.c4 e6 3.g3 Be7 4.Bg2 Nf6 5.O-O O-O 6.d4 Nbd7 7.Qc2 c5 8.Rd1 Qb6
9.cxd5 Nxd5 10.Nc3 N7f6 11.Na4 Qb5 12.Nxc5 Nb4 13.Qb3 Bxc5 14.dxc5 Qxc5 15.Be3 Qe7
16.Rac1 Nbd5 17.Bc5 Qe8 18.Ne5 b6 19.Bxf8 Qxf8 20.e4 Ne7 21.Rc7 Ng6 22.Nxf7 Ne8
23.Nh6+ Kh8 24.Rd8 Bb7 25.Nf7+ Kg8 26.Qxe6 h6 27.Ne5+ Kh7 28.Qxg6+ Kg8 29.Rf7 Rxd8
30.Rxf8+ Kxf8 31.Qf7+  1-0

[Event "28th Avoine Open"]
[Site "Avoine FRA"]
[Date "2013.07.20"]
[Round "1.29"]
[White "Loiret,S"]
[Black "Marchadour,C"]
[Result "1-0"]
[WhiteElo "2237"]
[BlackElo "2020"]

1.Nf3 d5 2.c4 e6 3.d4 Nf6 4.Nc3 Nbd7 5.Bf4 Bb4 6.cxd5 Nxd5 7.Bd2 O-O 8.e4 Nxc3
9.bxc3 Be7 10.Bd3 e5 11.O-O Bf6 12.Be3 Re8 13.Qc2 g6 14.Rab1 c5 15.dxc5 Qc7
16.Bb5 a6 17.Qa4 Re6 18.Bc4 Re7 19.Qb4 a5 20.Qb5 Ra6 21.Bd5 Ra7 22.Rfd1 a4
23.Qb4 Re8 24.Qc4 Nb8 25.c6 Ra5 26.Bb6  1-0

[Event "12th Bergamo Open"]
[Site "Bergamo ITA"]
[Date "2013.07.20"]
[Round "3.4"]
[White "Zimina,O"]
[Black "Hera,I"]
[Result "1/2-1/2"]
[WhiteElo "2330"]
[BlackElo "2558"]

1.Nf3 d5 2.c4 d4 3.g3 g6 4.b4 Bg7 5.Bb2 e5 6.d3 Ne7 7.Bg2 O-O 8.O-O a5 9.a3 c5
10.bxc5 a4 11.e3 Nec6 12.exd4 exd4 13.Nbd2 f5 14.h4 h6 15.Ne1 Nd7 16.Qf3 Nxc5
17.Qd5+ Be6 18.Qxd8 Rfxd8 19.f4 Rab8 20.Rb1 Na5 21.Bc1 Nab3 22.Nxb3 axb3
23.a4 Nxa4 24.Rxb3 Nc3 25.Rb6 Bxc4 26.dxc4 Ne2+ 27.Kh2 Nxc1 28.Bd5+ Kf8 29.Nf3 Ne2
30.Ne5 Bxe5 31.fxe5 Nc3 32.Rxg6 Nxd5 33.Rxf5+ Ke7 34.cxd5 Rxd5 35.g4 Rf8
36.Rg7+ Ke8 37.Rxf8+ Kxf8 38.Rxb7 d3 39.Rb1 Kf7 40.Kg3 d2 41.Rd1 Ke6 42.Kf4 Rd4+
43.Ke3 Rxg4 44.Rxd2 Rxh4 45.Kf3 Kxe5 46.Kg3 Rd4 47.Rxd4 Kxd4 48.Kh4  1/2-1/2

[Event "ch-AUT 2013"]
[Site "Feldkirch AUT"]
[Date "2013.07.20"]
[Round "1.8"]
[White "Holzmann,H"]
[Black "Wallner,J"]
[Result "0-1"]
[WhiteElo "2116"]
[BlackElo "2404"]

1.Nf3 d5 2.c4 c6 3.e3 Nf6 4.Nc3 a6 5.b3 Bg4 6.Be2 e6 7.Bb2 Nbd7 8.cxd5 exd5
9.h3 Bh5 10.O-O Bd6 11.d4 Qe7 12.a4 O-O 13.Nh4 Bxe2 14.Qxe2 g6 15.Nf3 Rae8
16.Qc2 Nh5 17.Qc1 f5 18.Ba3 Bxa3 19.Qxa3 Qf6 20.Qb2 g5 21.Rae1 Kh8 22.Qd2 Rg8
23.Nh2 Qh6 24.f3 Ng3 25.Rf2 Nf6 26.Ne2 Ngh5 27.g4 Ng7 28.Kg2 Qg6 29.Ng3 fxg4
30.Nxg4 Nfh5 31.Ne5 Qe6 32.b4 Nxg3 33.Kxg3 Nf5+ 34.Kh2 Re7 35.Qe2 Qd6 36.b5 axb5
37.axb5 c5 38.Qd3 Nh4 39.f4 c4 40.Qd1 gxf4 41.exf4 Qf6 42.Rg1 Reg7 43.Rg4 Nf5
44.Qd2 Nd6 45.Rfg2 Rxg4 46.Nxg4 Qf8 47.Qe3 Ne4 48.Ne5 Rxg2+ 49.Kxg2 Qb4 50.b6 Qxb6
51.Nxc4 Qg6+ 52.Kf3 Qg3+ 53.Ke2 Qg2+ 54.Kd1 dxc4 55.d5 Kg8 56.d6 Kf7 57.Qd4 Qd2+  0-1

[Event "ch-AUT 2013"]
[Site "Feldkirch AUT"]
[Date "2013.07.20"]
[Round "1.5"]
[White "Diermair,A"]
[Black "Sucher,J"]
[Result "1-0"]
[WhiteElo "2426"]
[BlackElo "2158"]

1.Nf3 d5 2.c4 c6 3.g3 Nf6 4.Bg2 g6 5.b3 Bg7 6.Bb2 Qb6 7.Qc1 dxc4 8.Qxc4 Be6
9.Qc2 Na6 10.O-O Nb4 11.Qc1 Rd8 12.Na3 O-O 13.d3 Qa5 14.Bc3 Nfd5 15.Bxg7 Kxg7
16.Nc4 Qc7 17.a3 Na6 18.b4 Nb6 19.Na5 f6 20.Qc2 Rd7 21.Rac1 Qd6 22.Rfd1 Rfd8
23.d4 Bg4 24.h3 Bxf3 25.Bxf3 Qe6 26.Kg2 Rxd4 27.Nxb7 Rxd1 28.Rxd1 Rxd1 29.Qxd1 Nd5
30.Qa4 Nac7 31.Qxa7 Nb5 32.Qc5 Nxa3 33.Nd8 Qd6 34.Nxc6 Qxc5 35.bxc5 e6 36.Bxd5 exd5
37.Nb4 d4 38.c6 Nb5 39.Nc2 Kf7 40.Nxd4 Nc7 41.Kf3 Ke7 42.Ke4 Kd6 43.g4 Nd5
44.e3 Nc3+ 45.Kd3 Nd1 46.f3 Nb2+ 47.Kc3 Nd1+ 48.Kd2 Nb2 49.h4 Nc4+ 50.Kd3 Nb2+
51.Kc3 Nd1+ 52.Kd2 Nb2 53.e4 Nc4+ 54.Kc3 Ne5 55.Kb4 Nd3+ 56.Kb5 Nb2 57.g5 fxg5
58.hxg5 Kc7 59.Kc5  1-0

[Event "Lueneburg Open 2013"]
[Site "Lueneburg GER"]
[Date "2013.07.20"]
[Round "6.16"]
[White "Kunow,F"]
[Black "Gehrmann,R"]
[Result "1-0"]
[WhiteElo "1920"]
[BlackElo "2072"]

1.Nf3 d5 2.c4 Nf6 3.g3 Nc6 4.cxd5 Nxd5 5.Bg2 Nf6 6.Nc3 g6 7.d4 e6 8.e4 Bb4
9.Qd3 Be7 10.a3 Nd7 11.Qe2 e5 12.Be3 exd4 13.Nxd4 Nxd4 14.Bxd4 O-O 15.Rd1 c6
16.O-O Qc7 17.f4 Bc5 18.Bxc5 Nxc5 19.Qf2 Nd7 20.Kh1 Qb6 21.Qe2 Nf6 22.e5 Bg4
23.Bf3 Bxf3+ 24.Rxf3 Rfe8 25.Rfd3 h5 26.h3 Nd5 27.Nxd5 cxd5 28.Rxd5 Rac8
29.f5 Qc6 30.fxg6 fxg6 31.Kh2 Qc2 32.R1d2 Qf5 33.Qf2 Qg5 34.Qf4 Qxf4 35.gxf4 Re7
36.Rd8+ Rxd8 37.Rxd8+ Kf7 38.Kg3 g5 39.Rh8 h4+ 40.Kg4 gxf4 41.Rh7+  1-0

[Event "28th Avoine Open"]
[Site "Avoine FRA"]
[Date "2013.07.21"]
[Round "2.10"]
[White "Navrotescu,C"]
[Black "Gouanelle,F"]
[Result "1/2-1/2"]
[WhiteElo "2363"]
[BlackElo "2131"]

1.Nf3 d5 2.c4 e6 3.d4 c6 4.g3 Nf6 5.Bg2 Bb4+ 6.Bd2 Be7 7.O-O O-O 8.Qc2 Nbd7
9.Bf4 b6 10.cxd5 cxd5 11.Nc3 a6 12.Na4 Bb7 13.Bc7 Qc8 14.Rfc1 b5 15.Nb6 Nxb6
16.Bxb6 Qxc2 17.Rxc2 Rfc8 18.Bc5 Nd7 19.Rac1 Kf8 20.e3 h6 21.Bf1 Ke8 22.b4 Bxc5
23.dxc5 Nb8 24.Nd4 Nc6 25.Rb1 Nxd4 26.exd4 Bc6 27.f4 Rcb8 28.Rcb2 Kd7 29.Bd3 g6
30.g4 a5 31.a4 Kc7 32.bxa5 bxa4 33.Rb6 a3 34.a6 a2 35.Ra1 Rxb6 36.cxb6+ Kxb6
37.Rxa2 Ka7 38.Rc2 Kb6 39.h4 Ra7 40.Rb2+ Kc7 41.Kf2 Ra8 42.Ke3 Ra7 43.Rh2 Kb6
44.Rb2+ Kc7 45.Kd2 Bd7 46.g5 hxg5 47.hxg5 Bc8 48.Rc2+ Kb8 49.Rc6 Bd7 50.Rb6+ Kc7
51.Rb1 Bc8 52.Rc1+ Kb8 53.Ra1 Rc7 54.Rh1 Ka7 55.Ra1 Kb8 56.Bb5 Bd7 57.Bd3 Be8
58.Bb5 Bd7 59.Bd3  1/2-1/2

[Event "7th LCT 2013"]
[Site "Leiden NED"]
[Date "2013.07.21"]
[Round "9.2"]
[White "Bernal Moro,L"]
[Black "Sengupta,D"]
[Result "0-1"]
[WhiteElo "2423"]
[BlackElo "2555"]

1.Nf3 d5 2.c4 d4 3.g3 Nc6 4.Bg2 e5 5.O-O Nf6 6.d3 Be7 7.b4 Bxb4 8.Nxe5 Nxe5
9.Qa4+ Nfd7 10.Qxb4 c5 11.Qa3 O-O 12.Bb2 Re8 13.Nd2 Re6 14.Rae1 Rb8 15.Qb3 Nf6
16.a4 Bd7 17.Qc2 Qe8 18.a5 Ba4 19.Qb1 b6 20.Ba3 Bc6 21.axb6 Bxg2 22.Kxg2 axb6
23.Kg1 Qc6 24.e3 dxe3 25.fxe3 Rd8 26.d4 cxd4 27.exd4 Rxd4 28.Qc2 Qd7 29.Bc1 h5
30.Rxe5 Rxe5 31.Nf3 Rf5 32.Nxd4 Qxd4+ 33.Kg2 Rxf1 34.Kxf1 Ng4 35.Qe2 Nxh2+
36.Qxh2 Qxc4+ 37.Qe2 Qxc1+  0-1

[Event "Open Desko Liberec 2013"]
[Site "Liberec CZE"]
[Date "2013.07.21"]
[Round "2.1"]
[White "Buchcar,T"]
[Black "Kraus,To"]
[Result "1-0"]
[WhiteElo "2086"]
[BlackElo "2360"]

1.Nf3 d5 2.c4 d4 3.g3 g6 4.Bg2 Bg7 5.O-O Nf6 6.d3 O-O 7.b4 c5 8.Bb2 Nfd7
9.a3 e5 10.Nbd2 Nc6 11.Nb3 a5 12.b5 Ne7 13.Ng5 Ra7 14.Ne4 Qc7 15.a4 b6 16.Bc1 h6
17.g4 f5 18.gxf5 Nxf5 19.Ng3 Nh4 20.Bc6 Nf6 21.f3 Bh3 22.Rf2 Kh8 23.Nd2 Ng8
24.Ndf1 Qd8 25.Ra2 h5 26.Bd5 Ne7 27.Be4 Ng8 28.Bd5 Ne7 29.Be4 Rf4 30.e3 dxe3
31.Bxe3 Nef5 32.Bxf5 Nxf5 33.Nxf5 Rxf5 34.Ng3 Rf8 35.Ne4 Rd7 36.Rad2 Bf6
37.Qe2 Bh4 38.Ng3 Bf5 39.Rg2 Bxg3 40.hxg3 Bxd3 41.Qd1 e4 42.Bf4 Rxf4 43.gxf4 e3
44.Qa1+ Kh7 45.Rd1 e2 46.Re1 Bxc4 47.f5 Rd1 48.fxg6+ Kg8 49.Qc3 Qd4+  1-0

[Event "Lueneburg IM 2013"]
[Site "Lueneburg GER"]
[Date "2013.07.21"]
[Round "7.3"]
[White "Gazic,J"]
[Black "Ivanov,MM"]
[Result "0-1"]
[WhiteElo "2289"]
[BlackElo "2392"]

1.Nf3 d5 2.c4 e6 3.cxd5 exd5 4.g3 c6 5.Bg2 Nf6 6.O-O Na6 7.d4 Bf5 8.Nc3 h6
9.a3 Bd6 10.b4 Nc7 11.Bd2 O-O 12.Na4 Ne4 13.Nc5 Qc8 14.Nh4 Bh7 15.Be1 a5
16.bxa5 Nxc5 17.dxc5 Bxc5 18.Bb4 Na6 19.Bc3 Re8 20.Nf3 Bf8 21.Ne5 Nc5 22.Nd3 Ne4
23.Be1 Nd6 24.Nb4 Nc4 25.a6 bxa6 26.Rc1 Bxb4 27.axb4 Qe6 28.Bc3 Be4 29.Qd4 f6
30.f3 Bg6 31.e4 dxe4 32.Ba1 exf3 33.Bxf3 Ne5 34.Bg2 Rad8 35.Qb6 Rd2 36.Bxe5 Qxe5
37.Rf2 Qb2 38.Rcf1 Rxf2 39.Rxf2 Re1+ 40.Bf1 Qb1 41.Qxc6 Bd3 42.Qa8+ Kh7 43.Qf3 Rxf1+
44.Rxf1 Qxf1+ 45.Qxf1 Bxf1 46.Kxf1 Kg6 47.Ke2 Kf5 48.Kd3 Ke5 49.Kc4 f5 50.Kd3 g5
51.Ke3 Kd5 52.Kd3 Kc6 53.Kc4 f4 54.gxf4 gxf4 55.Kd4 Kb5 56.Ke4 Kxb4 57.Kxf4 a5
58.Kg4 a4 59.Kh5 a3 60.Kxh6 a2 61.h4 a1=Q 62.h5 Qh8+  0-1

[Event "6th Paleochora Open"]
[Site "Paleochora GRE"]
[Date "2013.07.21"]
[Round "4.6"]
[White "Polzin,R"]
[Black "Zinchenko,Ya"]
[Result "1/2-1/2"]
[WhiteElo "2446"]
[BlackElo "2536"]

1.Nf3 d5 2.c4 e6 3.b3 c5 4.g3 Nf6 5.Bg2 Nc6 6.O-O d4 7.e3 Bd6 8.exd4 cxd4
9.d3 O-O 10.Re1 e5 11.a3 a5 12.c5 Bxc5 13.Nxe5 Nxe5 14.Rxe5 Qc7 15.Re1 Bg4
16.Qc2 Rfe8 17.Rxe8+ Rxe8 18.Nd2 Re1+ 19.Nf1 Qe7 20.b4 axb4 21.axb4 Bxb4
22.Ra8+ Ne8 23.Bd2 Bxd2 24.Qxd2 Bd7 25.Qb2 Bc6 26.Ra1 Rxa1 27.Qxa1 Bxg2 28.Kxg2 Qb4
29.Qa8 Kf8 30.Nd2 Qc3 31.Nf3 Qc6 32.Qd8 h6 33.Qxd4 b5 34.Qb4+ Kg8 35.d4 Nf6
36.Qb3 Qd5 37.Qxd5 Nxd5 38.Kf1 f6 39.Ke2 Kf7 40.Kd3 Ke6 41.Nd2 f5 42.Nf1 g6
43.h4 Nf6 44.f3 Nd5 45.Nd2 Kd6 46.Nf1 g5 47.hxg5 hxg5 48.Nd2 Nf6 49.Nf1 g4
50.fxg4 Nxg4 51.Nd2 Kd5 52.Kc3 Nf2 53.Kb4 Ne4 54.Nf3 Nxg3 55.Kxb5 Ne2 56.Kb4 Nxd4
57.Nd2 Ne2 58.Kb3 Kd4 59.Kc2 f4 60.Kd1 Kd3 61.Ke1 Nd4 62.Nf1 Nc6 63.Kf2 Ne5
64.Ng3 f3 65.Nf1  1/2-1/2

[Event "Biel MTO 2013"]
[Site "Biel SUI"]
[Date "2013.07.22"]
[Round "1.3"]
[White "Bu Xiangzhi"]
[Black "Schaerer,J"]
[Result "1-0"]
[WhiteElo "2664"]
[BlackElo "2294"]

1.Nf3 d5 2.c4 c6 3.e3 Nf6 4.Nc3 g6 5.d4 Bg7 6.Be2 O-O 7.O-O dxc4 8.Bxc4 Bg4
9.h3 Bxf3 10.Qxf3 Nbd7 11.Rd1 e5 12.d5 e4 13.Nxe4 Nxe4 14.Qxe4 Nb6 15.Bb3 cxd5
16.Qf3 Qf6 17.Qxf6 Bxf6 18.a4 Rfd8 19.a5 Nc4 20.e4 Rac8 21.Rxd5 Rxd5 22.exd5 Nxa5
23.Bd1 Nc4 24.Bg4 Ra8 25.Be2 Nb6 26.d6 Be5 27.Be3 Nd5 28.Rxa7 Rd8 29.Bh6 Bxb2
30.Rxb7 Bg7 31.Bc1 h5 32.d7 Bf6 33.Bc4 Ne7 34.Be3 Ra8 35.Bb6 Nc6 36.Rc7 Ra1+
37.Bf1 Ne5 38.Bd4 Rd1 39.Bxe5  1-0

[Event "36th Taminco Open"]
[Site "Ghent BEL"]
[Date "2013.07.22"]
[Round "5.16"]
[White "Cordts,I"]
[Black "Smekens,R"]
[Result "1-0"]
[WhiteElo "2296"]
[BlackElo "1931"]

1.Nf3 d5 2.c4 c6 3.d4 Nf6 4.Qb3 dxc4 5.Qxc4 Qd5 6.Qa4 Bf5 7.Nc3 Qd8 8.Nh4 b5
9.Qd1 e6 10.Nxf5 exf5 11.e3 Bb4 12.Bd2 O-O 13.Bd3 f4 14.Qf3 fxe3 15.fxe3 a6
16.O-O Qd6 17.Qh3 Nbd7 18.Ne4 Nxe4 19.Bxe4 f5 20.Bxb4 Qxb4 21.Bxf5 Nf6 22.Rf2 Rae8
23.Bd3 h6 24.Raf1 Qe7 25.e4 Nxe4 26.Rxf8+ Rxf8 27.Rxf8+ Kxf8 28.Qc8+ Kf7
29.Qxc6 Nf6 30.Kf2 Ng4+ 31.Kg3 Nf6 32.Kf3 Qa7 33.Qd6 Qb7+ 34.Kg3 g5 35.Qe5 Qd7
36.h3 Qc6 37.Bf5 Nh5+ 38.Kh2 Nf4 39.Be4 Qe6 40.Qc7+ Kf6 41.Qh7 h5 42.h4 Qd6
43.g3 Qb4 44.hxg5+ Ke6 45.Qf5+ Ke7 46.Qf6+ Kd7 47.gxf4 Qe1 48.Bc6+ Kc8 49.Qf5+  1-0

[Event "36th Taminco Open"]
[Site "Ghent BEL"]
[Date "2013.07.22"]
[Round "6.8"]
[White "Cordts,I"]
[Black "Van der Stricht,G"]
[Result "1/2-1/2"]
[WhiteElo "2296"]
[BlackElo "2369"]

1.Nf3 d5 2.c4 c6 3.cxd5 cxd5 4.d4 Nf6 5.Nc3 Nc6 6.Bf4 a6 7.e3 Bg4 8.Bd3 e6
9.O-O Be7 10.Rc1 O-O 11.h3  1/2-1/2

[Event "Caissa GM July 2013"]
[Site "Kecskemet HUN"]
[Date "2013.07.22"]
[Round "4.3"]
[White "Fernandez,Dan SIN"]
[Black "Groszpeter,A"]
[Result "0-1"]
[WhiteElo "2346"]
[BlackElo "2469"]

1.Nf3 d5 2.c4 d4 3.g3 c5 4.b4 cxb4 5.a3 bxa3 6.Bg2 Nc6 7.Bxa3 e5 8.Qa4 Bd7
9.Bxf8 Kxf8 10.d3 g6 11.O-O Kg7 12.Nbd2 Nf6 13.Rfb1 Qc7 14.Ng5 a5 15.Qb5 Rhb8
16.Qb6 Ne8 17.Nge4 Nb4 18.Qxc7 Nxc7 19.Nb3 b6 20.c5 Ncd5 21.cxb6 Rxb6 22.Nec5 Bg4
23.Nxa5 Bxe2 24.Rxb4 Rxa5 25.Rxa5 Nxb4 26.Bf1 Nc6 27.Ra1 Bxf1 28.Kxf1 Rb2
29.Ra6 Nb4 30.Ra7 Rc2 31.Ne6+ Kf6 32.Nd8 g5 33.Rxf7+ Kg6 34.f4 gxf4 35.gxf4 Nxd3
36.fxe5 Nxe5 37.Re7 Nf3 38.h4 d3 39.Rd7 Rc1+ 40.Kf2 d2 41.Kxf3 d1=Q+ 42.Rxd1 Rxd1
43.Ne6 Kh5 44.Ng5 Kxh4 45.Ne4 Rd3+ 46.Kg2 Ra3 47.Nf2 h5 48.Ne4 Kg4 49.Nf2+ Kf4
50.Nh3+ Kf5 51.Nf2 h4 52.Nh1 h3+ 53.Kg1 Kg4 54.Nf2+ Kh4 55.Ne4 Re3 56.Nf2 Re1+
57.Kh2 Re2 58.Kg1 h2+ 59.Kh1 Kg3 60.Ne4+ Kf3 61.Nd2+ Kf2 62.Nf3 Kg3  0-1

[Event "18th Balaguer Open"]
[Site "Balaguer ESP"]
[Date "2013.07.23"]
[Round "9.3"]
[White "Roeder,M"]
[Black "Aroshidze,L"]
[Result "0-1"]
[WhiteElo "2408"]
[BlackElo "2568"]

1.Nf3 d5 2.c4 d4 3.b4 f6 4.e3 e5 5.c5 Nh6 6.Bc4 Nc6 7.O-O Bg4 8.h3 Bh5 9.Qb3 Bxf3
10.gxf3 f5 11.f4 Qf6 12.Bb2 O-O-O 13.Bd5 exf4 14.exf4 g5 15.Bg2 gxf4 16.Re1 Ne5
17.Nc3 f3 18.Rxe5 Qg5 19.Qe6+ Kb8  0-1

[Event "Maccabiah GM1 2013"]
[Site "Jerusalem ISR"]
[Date "2013.07.23"]
[Round "4.2"]
[White "Grunberg,M"]
[Black "Steinberg,N"]
[Result "1/2-1/2"]
[WhiteElo "2411"]
[BlackElo "2416"]

1.Nf3 d5 2.c4 d4 3.e3 Nc6 4.d3 e5 5.exd4 exd4 6.Be2 Be7 7.O-O Nf6 8.b3 O-O
9.Bb2 Re8 10.Na3 Bc5 11.Nc2 a5 12.a3 Bf5 13.Re1 Qd6 14.b4 axb4 15.axb4 Rxa1
16.Bxa1 Bxb4 17.Nxb4 Qxb4 18.Bf1 Rxe1 19.Qxe1 Qxe1 20.Nxe1 Nd7 21.h3 h5 22.Be2 Nc5
23.g4 hxg4 24.hxg4 Bg6 25.f4 f5 26.gxf5 Bxf5 27.Bf3 Nb3 28.Bb2 Nb4 29.Bxb7 c5
30.Ba3 Nxd3 31.Nxd3 Bxd3 32.Bd5+ Kh7 33.Kf2 Kg6 34.Bc6 Bxc4 35.Be4+ Kf7 36.Bc2 Nd2
37.Ke1 Nf3+ 38.Kf2 Nd2 39.Ke1 Nf1 40.Bxc5 d3 41.Bd1 Ng3 42.Bf3 Ke6 43.Bf2 Ne2
44.Bxe2 dxe2 45.Ba7  1/2-1/2

[Event "Caissa GM July 2013"]
[Site "Kecskemet HUN"]
[Date "2013.07.23"]
[Round "6.2"]
[White "Fernandez,Dan SIN"]
[Black "Mihok,O"]
[Result "1-0"]
[WhiteElo "2346"]
[BlackElo "2458"]

1.Nf3 d5 2.c4 c6 3.d4 Nf6 4.e3 Bf5 5.cxd5 cxd5 6.Qb3 Qc7 7.Bb5+ Nc6 8.O-O e6
9.Bd2 Nd7 10.Rc1 Rc8 11.Qa4 Bd6 12.Bb4 O-O 13.Bxd6 Qxd6 14.Bxc6 bxc6 15.Qxa7 c5
16.dxc5 Nxc5 17.Nbd2 Nd3 18.Rxc8 Rxc8 19.a4 Nxb2 20.a5 Bd3 21.Ng5 Qc7 22.Qxc7 Rxc7
23.Nb3 h6 24.Nf3 Rc3 25.Nbd4 Ba6 26.h4 Nd3 27.Rb1 Ra3 28.Nc6 Ra2 29.Nfe5 Nxe5
30.Rb8+ Kh7 31.Nxe5 Rxa5 32.Nxf7 Kg6 33.Ne5+ Kf6 34.Nc6 Ra4 35.Rf8+ Kg6 36.Ne5+ Kh5
37.Rg8 Re4 38.Nd7 Rg4 39.Nc5 Bc4 40.Nxe6 Kxh4 41.g3+ Kh5 42.Nxg7+ Kg6 43.Ne8+  1-0

[Event "6th Paleochora Open"]
[Site "Paleochora GRE"]
[Date "2013.07.23"]
[Round "6.19"]
[White "Makka,E"]
[Black "Nogly,C"]
[Result "1/2-1/2"]
[WhiteElo "2107"]
[BlackElo "2270"]

1.Nf3 d5 2.c4 e6 3.g3 dxc4 4.Qa4+ c6 5.Qxc4 b5 6.Qb3 Bb7 7.Bg2 a6 8.Ne5 Qc7
9.d4 c5 10.Bxb7 Qxb7 11.Qf3 Qxf3 12.Nxf3 Nf6 13.a4 b4 14.dxc5 Bxc5 15.Nbd2 Nbd7
16.O-O Rc8 17.Nb3 O-O 18.Bf4 Be7 19.Ne5 g5 20.Nxd7 Nxd7 21.Be3 Ne5 22.Nd2 Ng4
23.Rac1 Nxe3 24.fxe3 Bc5 25.Nc4 b3 26.Kg2 Rfd8 27.e4 Bb4 28.Kf3 Rd4 29.Ne5 Rc2
30.Rxc2 bxc2 31.Rc1 Bd6 32.Nd3 Rc4 33.Ke3 h5 34.e5 Bc7 35.b3 Rc3 36.b4 Bxe5
37.Kd2 Bd4 38.Rxc2 Rxc2+ 39.Kxc2 g4 40.Nf4 h4 41.gxh4 e5 42.Ng2 f5 43.e3 Ba7
44.Kd3 Kf7 45.Kc4 Kg6 46.Kd5 Bb8 47.b5 axb5 48.axb5 Kh5 49.b6 f4 50.e4 f3
51.Ne3 Kxh4 52.Kc6 Kh3 53.Kb7 Bd6 54.Kc6 Bb8  1/2-1/2

[Event "Maccabiah IM2 2013"]
[Site "Jerusalem ISR"]
[Date "2013.07.24"]
[Round "5.2"]
[White "Gindi,S"]
[Black "Porat,I"]
[Result "1-0"]
[WhiteElo "2278"]
[BlackElo "2441"]

1.Nf3 d5 2.c4 d4 3.e3 c5 4.b4 a5 5.bxc5 Nc6 6.Bb2 e5 7.exd4 exd4 8.Bd3 Qe7+
9.Kf1 Qxc5 10.Na3 Be6 11.Nb5 O-O-O 12.Ba3 Nb4 13.Bxb4 axb4 14.Qa4 Bd6 15.Nfxd4 Bb8
16.Nb3 Qc6 17.Be2 Bh3 18.Rg1 Bf5 19.Qxb4 Nh6 20.N3d4 Qb6 21.c5 Qf6 22.Rc1 Be4
23.Nd6+ Bxd6 24.cxd6+ Kb8 25.Nb5 Bc6 26.Bf3 Bxf3 27.Qa5 Bc6 28.Rxc6 Qa1+
29.Ke2 Qe5+ 30.Kd1 Qa1+ 31.Rc1 Qf6 32.Rc6 Qa1+ 33.Rc1  1-0